000 00589nas a2200217 4500
001 BR0001403
003 BR-BrBNA
005 20231205101810.0
007 ta
008 230509b bl.|||p| |||| 00| 00por d
040 _aBR-BrBNA
_bpor
_cBiblioteca Nacional de Agricultura
041 _a(Pt)
072 _aE73
100 1 _aJunqueira, A.H.
245 1 _aMomento decisivo
650 _aConsumidor
650 _aMercado
773 0 _tAgroanalysis (Brazil)
_xISSN 0100-4298
_g(Jun 1999), v. 19(6) p. 14-20
_wBR0001403
909 _a202311
_bLúcia
_c55
_dLúcia Elande
942 _2AGRIS
_n0
_cANA
999 _c163995
_d163995